000 00627nam a2200217 a 4500
001 3452936
005 20241215145743.0
008 920128s1993 iaua 001 0 eng
020 _a9780697122711
050 0 0 _aQP34.5
_b.H63 1993
082 0 0 _a612
_220
100 1 _aHole, John W. Jr.
245 1 0 _aHuman anatomy and physiology /
_cJohn W. Hole, Jr.
250 _a6th ed.
260 _aDubuque, Iowa :
_bW.C. Brown Publishers,
_cc1993.
300 _axx, 962, [19] p. :
_bill. (some col.) ;
_c28 cm.
500 _aIncludes index.
650 0 _aHuman physiology.
650 0 _aHuman anatomy.
942 _2lcc
_cBK
_e6th ed.
_n0
999 _c2279
_d2279